000
00309nam a22001217a 4500
008
160421b xxu||||| |||| 00| 0 eng d
020
_a
9780323025935
020
_a
139780323025935
041
_a
eng
080
_a
618.2
245
_a
Essentials of pediatric nursing ;
_c
Marilyn J. Hockenberry;
942
_2
udc
_c
BK
999
_c
1486
_d
1486